Understanding and preventing violence. Vol. 4, Consequences and control /

Bibliographic Details
Corporate Author: NetLibrary, Inc
Other Authors: Reiss, Albert J., Roth, Jeffrey A., 1945-, Miczek, Klaus A.
Format: eBook
Language:English
Published: Washington, D.C. : National Academy Press, 1994.
Subjects:
Online Access:Connect to the full text of this electronic book

MARC

Tag First Indicator Second Indicator Subfields
LEADER 00000cam a2200000 4500
001 in00001589618
005 20220105104030.0
006 m u
007 cr cn|||||||||
008 001006s1994 dcua b s 001 0 eng
010 |z 92032137 
020 |a 0585030227 (electronic bk.) :  |c $39.00 
020 |z 0309050790 (v. 4 : pbk.) 
035 |a 1155  |b (N$T) 
035 |a nL1155 
040 |a N$T  |c N$T  |d UtOrBLW 
043 |a n-us--- 
050 1 0 |a HN90.V5  |b U53 1994eb 
082 0 4 |a 303.6  |2 20 
245 0 0 |a Understanding and preventing violence.  |n Vol. 4,  |p Consequences and control /  |c Albert J. Reiss, Jr., and Jeffrey A. Roth, editors. 
264 1 |a Washington, D.C. :  |b National Academy Press,  |c 1994. 
300 |a 397 pages :  |b illustrations ;  |c 24 cm. 
336 |a text  |b txt  |2 rdacontent 
337 |a computer  |b c  |2 rdamedia 
338 |a online resource  |b cr  |2 rdacarrier 
500 |a "Panel on the Understanding and Control of Violent Behavior, Committee on Law and Justice, Commission on Behavioral and Social Sciences and Education, National Research Council." 
504 |a Includes bibliographical references and indexes. 
533 |a Electronic reproduction.  |b Boulder, Colo. :  |c NetLibrary,  |d 1999.  |n Available via World Wide Web.  |n Access may be limited to NetLibrary affiliated libraries. 
500 |a Electronic resource. 
650 0 |a Violence  |z United States.  |0 http://id.loc.gov/authorities/subjects/sh2008113261 
650 0 |a Violence  |z United States  |x Prevention.  |0 http://id.loc.gov/authorities/subjects/sh2008113264 
650 0 |a Violent crimes  |z United States.  |0 http://id.loc.gov/authorities/subjects/sh2008113210 
655 0 |a Electronic books. 
700 1 |a Reiss, Albert J. 
700 1 |a Roth, Jeffrey A.,  |d 1945-  |0 http://id.loc.gov/authorities/names/n80065227 
700 1 |a Miczek, Klaus A.  |0 http://id.loc.gov/authorities/names/n81064261 
710 2 |a NetLibrary, Inc.  |0 http://id.loc.gov/authorities/names/no99080690 
776 0 |c Original  |w (DLC) 92032137 
856 4 1 |u https://proxy.library.tamu.edu/login?url=http://www.netLibrary.com/urlapi.asp?action=summary&v=1&bookid=1155  |z Connect to the full text of this electronic book  |t 0 
999 |a MARS 
999 f f |s e7c7912a-3e74-33bd-90c2-123d9ff46a78  |i 3ea25e79-8eef-30d3-8328-331af29145c0  |t 0 
952 f f |a Texas A&M University  |b College Station  |c Electronic Resources  |d Available Online  |t 0  |e HN90.V5 U53 1994eb  |h Library of Congress classification 
998 f f |a HN90.V5 U53 1994eb  |t 0  |l Available Online